Medzinárodný obchod z hľadiska ekonomických teórií

Medzinárodný obchod je výsledkom medzinárodnej deľby práce. Terminologické východiská. Klasické teórie medzinárodného obchodu. Neoklasické teórie medzinárodného obchodu. Súčasné teórie medzinárodného obchodu. Tendencie rozvoja medzinárodného obchodu.

Gespeichert in:
Bibliographische Detailangaben
1. Verfasser: Kokavcová, Dagmar
Format: Buchkapitel
Sprache:Slowakisch
Schlagworte:
Tags: Tag hinzufügen
Keine Tags, Fügen Sie das erste Tag hinzu!

MARC

LEADER 00000naa a2200000 4500
001 r041673
005 20231003111813.9
041 0 |a slo 
044 |a SK 
245 1 0 |a Medzinárodný obchod z hľadiska ekonomických teórií  |c Dagmar Kokavcová 
520 |a Medzinárodný obchod je výsledkom medzinárodnej deľby práce. Terminologické východiská. Klasické teórie medzinárodného obchodu. Neoklasické teórie medzinárodného obchodu. Súčasné teórie medzinárodného obchodu. Tendencie rozvoja medzinárodného obchodu. 
610 2 0 |a obchod medzinárodný 
610 2 0 |a teórie ekonomické 
610 2 0 |a terminológia 
610 2 0 |a klasicizmus 
610 2 0 |a neoklasicizmus 
610 2 0 |a teória obchodu 
610 2 0 |a vývoj 
100 1 |a Kokavcová, Dagmar